Inundaciones en Centroamérica

保存先:
書誌詳細
フォーマット: テキスト
タグ: タグ追加
タグなし, このレコードへの初めてのタグを付けませんか!

MARC

LEADER 00000 a a2200000 04500
001 5140
003
040
245 |a Inundaciones en Centroamérica  
773 |g volumen 44, número 612; páginas 920-926  
999 |c 31018  |d 31018